Landscape architecture; a definition and a resume of its past and present.
Saved in:
| Main Author: | |
|---|---|
| Format: | Book |
| Language: | English |
| Published: |
Chicago,
R.J. Haight,
[1911?]
|
| Subjects: | |
| Tags: |
Add Tag
No Tags, Be the first to tag this record!
|
| LEADER | 00692nam a2200193K 4500 | ||
|---|---|---|---|
| 001 | 000000111-2 | ||
| 005 | 20020606090541.3 | ||
| 008 | 890420s1911 ilua 000 0 eng d | ||
| 035 | 0 | |a ocm19577984 | |
| 040 | |a KKU |c KKU |d FLL | ||
| 090 | |a SB472 |b .C4 | ||
| 100 | 1 | |a Child, Stephen. | |
| 245 | 1 | 0 | |a Landscape architecture; |b a definition and a resume of its past and present. |
| 260 | |a Chicago, |b R.J. Haight, |c [1911?] | ||
| 300 | |a 30 p. |b illus. |c 23 cm. | ||
| 500 | |a "Presented before the Congress of Technology held in Boston, April 10-12, 1911, commemorating the fiftieth anniversary of the granting of the charter of the school." | ||
| 650 | 0 | |a Landscape gardening. | |
| 988 | |a 20020608 | ||
| 906 | |0 OCLC | ||


